000 00492nam a2200181Ia 4500
001 857
005 20260306140549.0
008 260306t2010||||xx |||||||||||||| ||spa||
041 _aESP
082 _a170
_bV66
100 _aVillarroel, Raúl (ed.)
_eAUT
245 0 _aÉtica aplicada:
_bperspectivas de la responsabilidad para la sociedad civil en un mundo globalizado
260 _c2010
300 _a278 páginas :
_c23 cm.
650 _aGEN
654 _aCHU
942 _cLIB
_dJUS
_fJUS
_2ddc
_n
999 _c857
_d857